000 00931nam a2200241Ia 4500
999 _c41387
_d41387
001 8049
003 GE_BSU
005 20200117141401.0
008 181216s2012||||ge |||||||||||||| ||geo||
020 _a9789941926921
040 _cGE_BSU
041 _ageo
080 _a821.353.1-1 წ–39
100 _aწერწთელი, აკაკი
_96208
245 _aპოეზია /
_cპროექტ. ავტ. და რედ. მ. გონაშვილი; შემდგ. ქ. მატაბელი.
264 _aთბილისი :
_bმერანი,
_c2012.
300 _a118 გვ.;
_b15 სმ.
653 _aპოეზია
653 _aმხატვრული ლიტერატურა
700 _aგონაშვილი, მ.
_eრედაქტორი
_96205
700 _aმატაბელი, ქ.
_eშემდგენელი
_96209
942 _cBK
_2udc